Responses for Show #7095 - Friday, June 19, 2015

Brennan Bushee game 5.

Contestants

[<< previous game]

Jennifer Shepherd, a quality improvement specialist originally from Port Orange, Florida

Chad Capule, an I.T. applications director from Cheverly, Maryland

Brennan Bushee, an operations analyst from Malden, Massachusetts (whose 4-day cash winnings total $102,403)

[next game >>]

Jeopardy! Round responses

WE SUGGEST BIOGRAPHY TITLES
BEVERAGE BRANDS
MOVIE ROLE, TV ROLE
CLASSICAL MUSIC ADJECTIVES
I SAW IT ON THE INTERNET
SO IT MUST BE "TRU"
    $200 11
William Penn

Brennan
    $200 17
Red Bull

Brennan
    $200 3
Kevin Spacey

Jennifer
    $200 1
a little

Brennan
    $200 6
The Onion

Brennan
    $200 20
(Jennifer: What is a pinwheel?)

strudel

Jennifer
Triple Stumper
    $400 12
(Brennan: Who is Juan Perón?)

Eva Perón

BrennanJennifer
    $400 23
Snapple

Brennan
    $400 4
Steve Carell

Brennan
    $400 2
Unfinished Symphony

Chad
    $400 7
eBay

Brennan
    $400 24
intrude

Brennan
    $600 13
Alexander Graham Bell

Chad
    $600 28
[The end-of-round signal sounds.]

Dad's

Jennifer
    $600 5
Melissa McCarthy

Brennan
    $600 8
the Common Man

Chad
    $600 15
Perez Hilton

Jennifer
    $600 25
truant

Chad
    $800 14
McClellan

Brennan
    $800 9
F. Murray Abraham

Chad
    $2,600 18
(Brennan: What is ... Valiente?)

Eroica

Brennan
    $800 21
autocorrect

Brennan
    $800 26
truth serum

Chad
    $1000 16
Emily Dickinson

Jennifer
    $1000 10
(Chad: Who is Octavia Spencer?)

Viola Davis

ChadJennifer
    $1000 19
Royal

Triple Stumper
    $1000 22
BuzzFeed

Jennifer
    $1000 27
altruistic

Jennifer

Scores at the first commercial break (after clue 15):

Brennan Chad Jennifer
$2,400 $1,400 $2,200

Scores at the end of the Jeopardy! Round:

Brennan Chad Jennifer
$1,600 $2,800 $5,600

Double Jeopardy! Round responses

ALSO A MAGAZINE
HISTORY
ANIMAL GROUP PHRASES
1-WORD SONG TITLES
U.S. PLACE NAME CHANGES
BRONTE-SAURUS
(Alex: These are words used by the Bronte sisters--famous authors.)
    $400 16
playboy

Brennan
    $400 6
Delhi

Brennan
    $400 21
the Warren Commission

Jennifer
    $400 1
"Roar"

Brennan
    $400 11
Albuquerque

Brennan
    $400 26
(Chad: What is milk?)
(Brennan: What is wine?)

tobacco

BrennanChad
Triple Stumper
    $800 17
fortune

Jennifer
    $800 7
Julius Caesar

Chad
    $800 22
pick of the litter

Jennifer
    $800 2
"Venus"

Chad
    $800 12
(Jennifer: What is DirecTV?)

Dish

BrennanJennifer
    $800 27
scared

Triple Stumper
    $1200 18
(Chad: What is... mahogany?)

ebony

BrennanChad
    $1200 8
(Horatio) Nelson

Brennan
    $1200 23
Flock of Seagulls

Jennifer
    $1200 3
(Alex: "Who you gonna call?")

"Ghostbusters"

Chad
    $1200 13
Jim Thorpe

Chad
    $1200 28
(Alex: We're not having too much fun with Bronte.)

Heathcliff

Triple Stumper
    $1600 19
maxim

Brennan
    $1600 9
Sevastopol

Brennan
    $1600 24
the herd mentality

Brennan
    $1600 4
"Jealous"

Brennan
    $1600 14
Sitka

Triple Stumper
    $1600 29
condole

Triple Stumper
    $2000 20
(Brennan: What is two cents?)

money

Brennan
Triple Stumper
    $2000 10
Korea

Brennan
    $2000 25
(Alex: We'll accept that, yes.)

den of vipers

Jennifer
    $2000 5
"Maneater"

Chad
    $2,000 15
(Alex: [Prompting for Chad's wager] What you gonna do? Who you gonna call?)

Albany

Chad
    $2,000 30
Jane Eyre

Jennifer

Scores at the end of the Double Jeopardy! Round:

Brennan Chad Jennifer
$12,400 $9,200 $12,000

[wagering suggestions for these scores]

Final Jeopardy! Round responses

20th CENTURY SCIENTISTS
ChadWho is Hubble?
$1,800
JenniferWho is Hubble
$11,500
BrennanWho is Hubble?
$11,601
Edwin Hubble

Final scores:

Brennan Chad Jennifer
$24,001 $11,000 $23,500
5-day champion: $126,404 3rd place: $1,000 2nd place: $2,000

Game dynamics:

Coryat scores:

Brennan Chad Jennifer
$15,000 $9,200 $12,000
23 R,
4 W
(including 1 DD)
12 R
(including 1 DD),
3 W
14 R
(including 1 DD),
2 W

Combined Coryat: $36,200

[game clues] [game scores] [suggest correction]

Game tape date: Unknown
The J! Archive is created by fans, for fans. Scraping, republication, monetization, and malicious use prohibited; this site may use cookies and collect identifying information. See terms. The Jeopardy! game show and all elements thereof, including but not limited to copyright and trademark thereto, are the property of Jeopardy Productions, Inc. and are protected under law. This website is not affiliated with, sponsored by, or operated by Jeopardy Productions, Inc. Join the discussion at JBoard.tv.